All Teams of the Club World Cup 2025 - Statistiken

Allgemein
  • Dieses Quiz wurde 33 mal gespielt
  • Das Durchschnittsergebnis liegt bei 20 aus 32
Antwortstatistiken
Hint Antwort % Korrekt
Portugal Fc Porto
94%
Germany Bayern
91%
Spain Atletico Madrid
84%
Germany Borussia Dortmund
84%
Brazil Flamengo
84%
USA Inter Miami
84%
England Manchester City
84%
France PSG
84%
Spain Real Madrid
84%
Portugal Benfica Lissabon
81%
England Chelsea
81%
Italy Inter Mailand
81%
Saudi Arabia Al Hilal
75%
Argentina Boca Juniors
75%
Austria RB Salzburg
72%
Italy Juventus Turin
69%
Argentina River Plate
66%
USA Los Angeles FC
63%
Brazil Palmeiras
63%
New Zealand Auckland City
59%
Brazil Fluminense
59%
Mexico Monterrey
53%
Brazil Botafogo
50%
Egypt Al Ahly
44%
Tunisia ES Tunis
44%
South Africa Mamelodi Sundowns
44%
South Korea Ulsan HD FC
38%
United Arabic Emirates (UAE) Al Ain
31%
USA Seattle Sounders
31%
Marroco Wydad AC
19%
Mexico Pachuca
16%
Japan Urawa Reds
16%
Keine übereinstimmenden Quizze gefunden
Verteilung der Resultate
Anzahl Personen mit jedem Resultat
Perzentil nach korrekt beantworteten Fragen
Ihre Resultats-Entwicklung
Sie haben dieses Quiz noch nicht gespielt